Riešenie krízových a výnimočných situácií vo vybranom podniku bakalárska práca

Gespeichert in:
Bibliographische Detailangaben
1. Verfasser: Sedláková, Veronika
Körperschaft: Fakulta podnikového manažmentu EU. Katedra manažmentu
Weitere Verfasser: Záležáková, Eliška
Format: Buch
Sprache:Slowakisch
Veröffentlicht: Bratislava 2018
Tags: Tag hinzufügen
Keine Tags, Fügen Sie das erste Tag hinzu!

MARC

LEADER 00000nbm a2200000 4500
001 0244846
005 20180918144844.8
041 0 |a slo 
044 |a SK 
245 1 0 |a Riešenie krízových a výnimočných situácií vo vybranom podniku  |b bakalárska práca  |c Veronika Sedláková ; školiteľ: Eliška Záležáková 
264 1 |a Bratislava  |c 2018 
300 |a 50 s. 
100 1 |a Sedláková, Veronika 
700 1 |a Záležáková, Eliška 
710 2 |a Fakulta podnikového manažmentu EU. Katedra manažmentu